| 000 | 00550nam a2200169 4500 | ||
|---|---|---|---|
| 999 |
_c4683 _d4683 |
||
| 008 | 160919b xxu||||| |||| 00| 0 eng d | ||
| 022 | _a2094-8042 | ||
| 082 | _aDPer 370.105 M72 Jan-Dec 2012 V. 60-61 | ||
| 100 |
_914922 _aLuzong, Ramon, Jr |
||
| 243 | _aThe modern teacher | ||
| 245 |
_aRoad safety among young children/ _cRamon Luzong, Jr |
||
| 260 |
_aPhilippines: _bIn the Grade School, Inc., _c©2012. |
||
| 300 |
_av61 n6, pages 221-222; _c28 cm. |
||
| 500 | _aThe Modern Teacher. | ||
| 650 | 0 |
_914923 _aRoads _xSafety |
|
| 942 |
_2ddc _cPER |
||